000 01013nam0a22002651 4500
001 rc\2813704
005 20250806210916.0
035 _a(NLR Aleph) 006939500
090 _a37244
_c37244
100 _a20110915d1945 u y0rusy50 ca
101 0 _arus
102 _aRU
105 _ay z |||||
200 1 _aТаблицы превышений, вычисляемых по горизонтальным проложениям для углов наклона от 0 до 30°
_fГ. Г. Егоров
205 _a2-е изд.
210 _aМосква
_cГеодезиздат
_d1945
_gОбразцовая тип. и тип. Полиграфкомбината им. Молотова
215 _a46 с.
_d19 см.
700 1 _aЕгоров
_bГ.Г.
_gГригорий Георгиевич
801 0 _aRU
_bNLR
_gpsbo
801 1 _aRU
_bELAR
_2rusmarc
852 _aNLR
_jГд02 Г-4/50
942 _cBOOK
945 _aРоссийская национальная библиотека
980 _aNB
980 _aBV